00478nam a2200145Ia 4500999001700000082001200017100001600029245008400045260003600129300001000165650002800175710001700203942001200220952010000232 c17160d17160 aTR.0111 aRaval, M.N. 0aMonetary management in underdeveloped countries with special reference to India c1971bM.S. University of Baroda a457p. aMONETARY POLICY - INDIA aShukla, D.K. cTH2ddc 00104070aNASSDOCbNASSDOCd2004-10-08l0oTR.0111p6519r2019-04-18 00:00:00w2019-04-18yTH